[Event "RM-2021-0-00236"]
[Site "LSS email"]
[Date "2021.02.26"]
[Round "?"]
[White "Ress, Jacques"]
[Black "Wlodarczyk, Robert"]
[Result "1/2-1/2"]
[WhiteElo "2306"]
[BlackElo "2330"]
[PlyCount "50"]
[EventDate "2021.01.09"]
[EventType "tourn (corr)"]
[EventRounds "6"]
[EventCountry "GER"]
[SourceTitle "Corr 2022"]
[Source "ChessBase"]
[SourceDate "2021.10.24"]
[SourceVersion "1"]
[SourceVersionDate "2021.10.24"]
[SourceQuality "1"]

1. d4 Nf6 2. Nf3 e6 3. g3 d5 4. Bg2 b5 5. 0-0 Bb7 6. a4 b4 7. c4 bxc3 8. Nxc3 Nc6 9. Bd2 Be7 10. a5 Rb8 11. Qa4 0-0 12. Rfc1 Ba8 13. e3 Nb4 14. Bf1 c5 15. Nb5 Nc6 16. dxc5 Ne4 17. Nbd4 Rxb2 18. Nxc6 Bxc6 19. Qxc6 Nxd2 20. Nxd2 Rxd2 21. Qa4 Rb2 22. c6 Qc7 23. Ba6 Rb4 24. Qc2 Rfb8 25. Bb7 Bd6 1/2-1/2

[Event "ST-2020-0-00175"]
[Site "LSS email"]
[Date "2020.12.23"]
[Round "?"]
[White "Ploscaru, Stelian"]
[Black "Wlodarczyk, Robert"]
[Result "1/2-1/2"]
[WhiteElo "2313"]
[BlackElo "2326"]
[PlyCount "51"]
[EventDate "2020.11.22"]
[EventType "tourn (corr)"]
[EventRounds "6"]
[EventCountry "GER"]
[SourceTitle "Corr 2024"]
[Source "ChessBase"]
[SourceDate "2023.10.19"]
[SourceVersion "1"]
[SourceVersionDate "2023.10.19"]
[SourceQuality "1"]

1. e4 e5 2. Nf3 Nc6 3. Bb5 a6 4. Ba4 Nf6 5. 0-0 Be7 6. d3 b5 7. Bb3 d6 8. a4 Bd7 9. c3 h6 10. Nbd2 0-0 11. Re1 Re8 12. Nf1 Bf8 13. Bc2 Rb8 14. h3 b4 15. Bd2 d5 16. exd5 Nxd5 17. a5 Nf6 18. Ng3 Bd6 19. Bb3 bxc3 20. bxc3 Rb5 21. Qc2 Qb8 22. Reb1 Qa7 23. Qa2 Be6 24. Bxe6 Rxb1+ 25. Rxb1 Rxe6 26. Re1 1/2-1/2

[Event "ST-2020-0-00175"]
[Site "LSS email"]
[Date "2020.12.23"]
[Round "?"]
[White "Wlodarczyk, Robert"]
[Black "Pascual Perez, Norge"]
[Result "1/2-1/2"]
[WhiteElo "2326"]
[BlackElo "2465"]
[PlyCount "33"]
[EventDate "2020.11.22"]
[EventType "tourn (corr)"]
[EventRounds "6"]
[EventCountry "GER"]
[SourceTitle "Corr 2024"]
[Source "ChessBase"]
[SourceDate "2023.10.19"]
[SourceVersion "1"]
[SourceVersionDate "2023.10.19"]
[SourceQuality "1"]

1. e4 e5 2. Bc4 Nf6 3. d3 c6 4. Nf3 Be7 5. 0-0 d6 6. Re1 0-0 7. a4 a5 8. h3 Na6 9. Be3 Qc7 10. Nc3 Be6 11. Bxe6 fxe6 12. Ne2 d5 13. Ng3 Bd6 14. c3 h6 15. Qb3 Nd7 16. Nf1 Nf6 17. Ng3 1/2-1/2

[Event "ST-2020-0-00175"]
[Site "LSS email"]
[Date "2020.12.23"]
[Round "?"]
[White "Wlodarczyk, Robert"]
[Black "Willmann, Bernd"]
[Result "1/2-1/2"]
[WhiteElo "2326"]
[BlackElo "2365"]
[PlyCount "68"]
[EventDate "2020.11.22"]
[EventType "tourn (corr)"]
[EventRounds "6"]
[EventCountry "GER"]
[SourceTitle "Corr 2024"]
[Source "ChessBase"]
[SourceDate "2023.10.19"]
[SourceVersion "1"]
[SourceVersionDate "2023.10.19"]
[SourceQuality "1"]

1. e4 c5 2. Nf3 d6 3. c3 Nf6 4. h3 Nc6 5. Bd3 d5 6. e5 Nd7 7. Bb5 Qb6 8. Bxc6 Qxc6 9. 0-0 b6 10. d4 e6 11. Re1 a5 12. a4 Ba6 13. Na3 h6 14. h4 Be7 15. Re3 Nf8 16. Bd2 Qc8 17. Nb5 Bxb5 18. axb5 c4 19. g3 Ng6 20. Kg2 Bd8 21. h5 Ne7 22. Re1 Qd7 23. Qa4 Nc8 24. b3 cxb3 25. Qxb3 Ne7 26. Rab1 Qc7 27. Rh1 Rc8 28. Qd1 Qc4 29. Qf1 Qxf1+ 30. Kxf1 Rc4 31. Ke2 Ra4 32. Kd3 Ra2 33. Ra1 Rxa1 34. Rxa1 Kd7 1/2-1/2

[Event "ST-2020-0-00175"]
[Site "LSS email"]
[Date "2020.12.23"]
[Round "?"]
[White "Wosch, Arkadiusz"]
[Black "Wlodarczyk, Robert"]
[Result "1/2-1/2"]
[WhiteElo "2349"]
[BlackElo "2326"]
[PlyCount "32"]
[EventDate "2020.11.22"]
[EventType "tourn (corr)"]
[EventRounds "6"]
[EventCountry "GER"]
[SourceTitle "Corr 2024"]
[Source "ChessBase"]
[SourceDate "2023.10.19"]
[SourceVersion "1"]
[SourceVersionDate "2023.10.19"]
[SourceQuality "1"]

1. e4 c5 2. Nf3 e6 3. d4 cxd4 4. Nxd4 Nc6 5. Nc3 Qc7 6. f4 a6 7. Be2 b5 8. Nxc6 Qxc6 9. Bf3 Bb7 10. Be3 Rc8 11. a3 Qc7 12. Qe2 b4 13. axb4 Bxb4 14. Bd4 Nf6 15. 0-0 Qxf4 16. Ra4 Bc5 1/2-1/2

[Event "ST-2020-0-00149"]
[Site "LSS email"]
[Date "2020.07.04"]
[Round "?"]
[White "Wosch, Arkadiusz"]
[Black "Wlodarczyk, Robert"]
[Result "1/2-1/2"]
[WhiteElo "2383"]
[BlackElo "2300"]
[PlyCount "30"]
[EventDate "2020.05.06"]
[EventType "tourn (corr)"]
[EventRounds "6"]
[EventCountry "GER"]
[SourceTitle "Corr 2024"]
[Source "ChessBase"]
[SourceDate "2023.10.19"]
[SourceVersion "1"]
[SourceVersionDate "2023.10.19"]
[SourceQuality "1"]

1. e4 e5 2. Nf3 Nc6 3. Bc4 Bc5 4. c3 Nf6 5. d3 d6 6. 0-0 0-0 7. Nbd2 a5 8. Re1 Be6 9. Bb5 Qb8 10. Nf1 Qa7 11. Be3 Bxe3 12. Nxe3 Ne7 13. a4 Ng6 14. Bc4 Bxc4 15. Nxc4 Rfe8 1/2-1/2

[Event "SM-2020-0-00428"]
[Site "LSS email"]
[Date "2020.06.07"]
[Round "?"]
[White "Eman, Juan"]
[Black "Wlodarczyk, Robert"]
[Result "1/2-1/2"]
[WhiteElo "2211"]
[BlackElo "2298"]
[PlyCount "77"]
[EventDate "2020.04.14"]
[EventType "tourn (corr)"]
[EventRounds "6"]
[EventCountry "GER"]
[SourceTitle "Corr 2022"]
[Source "ChessBase"]
[SourceDate "2021.10.24"]
[SourceVersion "1"]
[SourceVersionDate "2021.10.24"]
[SourceQuality "1"]

1. e4 e5 2. Nf3 Nc6 3. Bb5 a6 4. Ba4 Nf6 5. 0-0 Be7 6. Re1 b5 7. Bb3 0-0 8. h3 d6 9. c3 Nb8 10. d4 Nbd7 11. Nbd2 Bb7 12. Bc2 Re8 13. Nf1 Bf8 14. Ng3 g6 15. a4 c5 16. d5 c4 17. Bg5 Nc5 18. Qd2 Be7 19. Bh6 Nfd7 20. Nh2 Nxa4 21. Bxa4 bxa4 22. Rxa4 a5 23. Be3 Ba6 24. Ng4 Bf8 25. Ra3 h5 26. Nh6+ Bxh6 27. Bxh6 Bb5 28. Be3 a4 29. Raa1 Qe7 30. f3 Rab8 31. Nf1 Rec8 32. Bg5 f6 33. Be3 Nc5 34. Bxc5 Rxc5 35. Ne3 h4 36. Re2 g5 37. Kh1 Bd7 38. Kh2 Qd8 39. Ree1 1/2-1/2